| 000 | 00399nam a2200145 a 4500 | ||
|---|---|---|---|
| 001 | 1084 | ||
| 003 | CDMR | ||
| 005 | 20130116135200.0 | ||
| 008 | 130130s1996||||||||||||||||||||||||||||d | ||
| 040 |
_aCDMR _bcat _cCPC GIRONA |
||
| 100 | 1 |
_aPrim i Serentill, Josep Maria _9853 |
|
| 245 | 1 | 3 |
_aEl sentiment monàrquic del poble català _cPrim i Serentill, Josep Maria |
| 260 |
_c1996 _boikos Tau |
||
| 942 | _cMON | ||
| 999 |
_c1084 _d1084 |
||